00403nam a2200097Ia 4500008004100000040002900041050002800070100003200098245014100130260003400271230222s9999||||xx |||||||||||||| ||und|| cChuka University Library aTHE LB 1048.5bM88 2015 aMurithi, Christopher Mwenda 0aRelationship between credit appraisal and performing youth fund loans:a case of youth enterprise fund in Imenti South sub county, Kenya. aChuka UniversitybChukac2015